00950 a2200169 45000010006000000050017000060080041000230030015000640400040000790800055001192450109001742640055002833000019003385050389003570410008007461000026007543993120260407155656.0260407a1986 arg spa dAR-UNSa-BCEJYS aAR-UNSa-BCEJYSbspacAR-UNSa-BCEJYS a330.32xNueva formación de capital (Inversión)10aLa valoración dinámica de capitalespfundamentación y modelos básicos en universos deterministas 1aSanta Fe :bUniversidad Nacional del Litoralc1986 a178 p.c22 cm. a1. Operaciones financieras sustancialmente definidas - 2. Leyes discretas para la valoración dinámica de capitales - 3. Equivalencias entre conjuntos de tasas que definen Leyes discretas del valor capital - 4. Casos particulares de Leyes de capitalización discretas - 5. Leyes continuas para la valoración dinámica de capitales - 6. Operaciones financieras ciertas complejas aspa1 aQuirelli, Blanca N.I.